000 00860nam a2200229Ii 4500
003 JO-AjNU
008 230605s9999||||xx |||||||||||||| ||und||
017 _a2010/4/1019
020 _a978-9957-00-444-6
040 _aJO-AjNU
_bara
_erda
_cJO-AjNU
041 _aara
050 1 4 _aBF636.6.A27.2012
100 3 _aالعاسمي، رياض نايل,
_eauthor
_944449
245 0 0 _aالمبادئ العامة لعلم النفس الإرشادي
250 _aالطبعة العربية الاولى الاصدار الاول
264 3 1 _aعمان:دار الشروق للنشر والتوزيع ، 2012
300 _a320ص
336 _atext
_btxt
_2rdacontent
337 _aunmediated
_bn
_2rdamedia
338 _avolume
_bnc
_2rdacarrier
650 4 _aعلم النفس الارشادي-الارشاد النفسي-علم نفس الافراد
_944450
999 _aA19194
_c22762
_d22762